MARC

LEADER 00000cam a2200000 7i4500
001 0000002715
005 20031119.0
090 0 0 |a FAO634.9095496   |b NEP 1997 
110 1 0 |a NEPAL   |c Ministry of Forests and Soil Conservation 
245 1 0 |a Country report :   |b Nepal   |c by Department of Forest, Ministry of Forests and Soil Conservation 
260 0 0 |a Rome :   |b Food and Agriculture Organization of the United Nations ,   |c 1997 
300 |a 27 p. :   |b ill. ;   |c 30 cm. 
440 0 0 |a Asia-Pacific forestry sector outlook study working paper series no. APFSOS/WP/32 
500 0 0 |a Bibliography : p. 22 
650 0 0 |a Forests and forestry   |z Nepal 
710 1 1 |a Food and Agriculture Organization of the United Nations (FAO) 
998 |a JPSM 
999 |a 0000004780   |b Monograph   |c Food and Agriculture Organization   |e Default branch 
999 |a 0000004781   |b Monograph   |c Food and Agriculture Organization   |e Default branch